| 000 | 01191cam a2200349 i 4500 | ||
|---|---|---|---|
| 001 | 26230 | ||
| 003 | Mx-PuUPA | ||
| 005 | 20250225082827.0 | ||
| 008 | 140415s1998 sp a gr 001 0 spa d | ||
| 017 | _aB-53/1998 | ||
| 020 | _a844930492X | ||
| 040 |
_cMx-PuUPA _aMx-PuUPA _bspa _dMx-PuUPA _erda |
||
| 041 | 0 | _aspa | |
| 100 | 1 | 0 |
_aPoch, Joaquim, _916777 _eautor |
| 245 | 1 | 0 |
_aInvestigación en psicoterapia : _bla contribución psicoanalítica / _cJoaquín Poch, Alejandro Ávila |
| 250 | _a1a edición | ||
| 260 |
_a _b _c |
||
| 264 | 1 |
_aBarcelona : _bPaidós, _c1998 |
|
| 300 |
_a325 páginas : _bilustraciones, tablas ; _c22 cm |
||
| 336 |
_2rdacontent _atexto _btxt |
||
| 337 |
_2rdamedia _asin medio _bn |
||
| 338 |
_2rdacarrier _avolumen _bnc |
||
| 490 | 0 |
_aPsicología, Psiquiatría, Psicoterapia ; _v164 |
|
| 650 | 7 |
_aPsicoterapia _2armarc |
|
| 650 | 7 |
_aPsicoterapia por psicoanálisis _2armarc |
|
| 650 | 7 |
_aPsicoterapia _xInvestigaciones _2armarc |
|
| 700 | 1 |
_aÁvila, Alejandro, _eautor |
|
| 942 |
_2ddc _cLI _h616.8914072 _iP75 |
||
| 999 |
_c26230 _d26230 |
||